000 00745nam a2200169Ia 4500
008 090711s9999 xx 000 0 und d
082 _b1608
100 _aपुंडलिक रमेश पां.
245 _aसुपात्र दान/ जादूSाा भोपळा आणि इतर
260 _bचंद्रमौळी प्रकाशन
_c1990
300 _a100
600 _aपुंडलिक रमेश पां.
630 _aसुपात्र दान/ जादूSाा भोपळा आणि इतर
700 _aपुंडलिक रमेश पां.
730 _aसुपात्र दान/ जादूSाा भोपळा आणि इतर
942 _cBOOK
999 _c325079
_d325079